[Event "Stay Safe Play From Home 325"]
[Site "Mustafa Kemal Atatürk"]
[Date "2020.07.23"]
[Round "7"]
[White "AChessPlayer"]
[Black "Greblha"]
[Result "1-0"]
[WhiteElo "2344"]
[BlackElo "1934"]
[PlyCount "71"]
[EventDate "2020.07.23"]
[EventType "swiss (blitz)"]

1. Nf3 {[%emt 0:00:03]} c6 {[%emt 0:00:00]} 2. g3 {[%emt 0:00:00]} d5 {[%emt 0:00:00]} 3. Bg2 {[%emt 0:00:00]} Nf6 {[%emt 0:00:01]} 4. O-O {[%emt 0:00:00]} Bf5 {[%emt 0:00:01]} 5. d3 {[%emt 0:00:00]} e6 {[%emt 0:00:01]} 6. Nbd2 {[%emt 0:00:00]} Be7 {[%emt 0:00:01]} 7. c4 {[%emt 0:00:00]} Nbd7 {[%emt 0:00:03]} 8. b3 {[%emt 0:00:00]} O-O {[%emt 0:00:02]} 9. Bb2 {[%emt 0:00:00]} Re8 {[%emt 0:00:02]} 10. Qc2 {[%emt 0:00:00]} Bg6 {[%emt 0:00:01]} 11. Nh4 {[%emt 0:00:01]} dxc4 {[%emt 0:00:03]} 12. Nxc4 {[%emt 0:00:01]} Nb6 {[%emt 0:00:02]} 13. Ne5 {[%emt 0:00:01]} Nbd7 {[%emt 0:00:03]} 14. Nexg6 {[%emt 0:00:01]} hxg6 {[%emt 0:00:01]} 15. Nf3 {[%emt 0:00:00]} Qc7 {[%emt 0:00:02]} 16. a3 {[%emt 0:00:00]} Nb6 {[%emt 0:00:01]} 17. Rac1 {[%emt 0:00:00]} Bd6 {[%emt 0:00:01]} 18. b4 {[%emt 0:00:01]} Nbd5 {[%emt 0:00:01]} 19. Qb3 {[%emt 0:00:01]} Red8 {[%emt 0:00:04]} 20. e4 {[%emt 0:00:00]} Nb6 {[%emt 0:00:03]} 21. e5 {[%emt 0:00:00]} Be7 {[%emt 0:00:01]} 22. exf6 {[%emt 0:00:01]} Bxf6 {[%emt 0:00:01]} 23. Bxf6 {[%emt 0:00:01]} gxf6 {[%emt 0:00:01]} 24. Qc3 {[%emt 0:00:00]} e5 {[%emt 0:00:02]} 25. Rfe1 {[%emt 0:00:02]} Nd5 {[%emt 0:00:01]} 26. Qb2 {[%emt 0:00:01]} Qe7 {[%emt 0:00:01]} 27. d4 {[%emt 0:00:00]} e4 {[%emt 0:00:01]} 28. Nd2 {[%emt 0:00:00]} f5 {[%emt 0:00:01]} 29. Nc4 {[%emt 0:00:01]} Nb6 {[%emt 0:00:01]} 30. Ne5 {[%emt 0:00:01]} Rd6 {[%emt 0:00:02]} 31. f3 {[%emt 0:00:00]} Rad8 {[%emt 0:00:01]} 32. fxe4 {[%emt 0:00:01]} fxe4 {[%emt 0:00:01]} 33. Rxe4 {[%emt 0:00:00]} Re6 {[%emt 0:00:01]} 34. Rce1 {[%emt 0:00:01]} Nd5 {[%emt 0:00:01]} 35. Nxg6 {[%emt 0:00:02]} Rxg6 {[%emt 0:00:02]} 36. Rxe7 {[%emt 0:00:01] Greblha gibt auf (Lag: Av=0.47s, max=1.2s)} 1-0

[Event "Stay Safe Play From Home 325"]
[Site "Mustafa Kemal Atatürk"]
[Date "2020.07.23"]
[Round "7"]
[White "Lamborghini"]
[Black "Dj amir"]
[Result "1/2-1/2"]
[WhiteElo "2255"]
[BlackElo "2451"]
[PlyCount "118"]
[EventDate "2020.07.23"]
[EventType "swiss (blitz)"]

1. e4 {[%emt 0:00:03]} Nf6 {[%emt 0:00:00]} 2. e5 {[%emt 0:00:01]} Nd5 {[%emt 0:00:00]} 3. d4 {[%emt 0:00:00]} d6 {[%emt 0:00:00]} 4. Nf3 {[%emt 0:00:00]} dxe5 {[%emt 0:00:00]} 5. Nxe5 {[%emt 0:00:01]} c6 {[%emt 0:00:01]} 6. Be2 {[%emt 0:00:01]} Bf5 {[%emt 0:00:01]} 7. O-O {[%emt 0:00:01]} Nd7 {[%emt 0:00:00]} 8. c4 {[%emt 0:00:01]} N5f6 {[%emt 0:00:01]} 9. Nf3 {[%emt 0:00:02]} e6 {[%emt 0:00:01]} 10. Nc3 {[%emt 0:00:01]} Ne4 {[%emt 0:00:00]} 11. Nxe4 {[%emt 0:00:02]} Bxe4 {[%emt 0:00:00]} 12. Be3 {[%emt 0:00:00]} Be7 {[%emt 0:00:01]} 13. Nd2 {[%emt 0:00:01]} Bg6 {[%emt 0:00:01]} 14. a3 {[%emt 0:00:02]} O-O {[%emt 0:00:01]} 15. b4 {[%emt 0:00:02]} a5 {[%emt 0:00:00]} 16. Qb3 {[%emt 0:00:01]} axb4 {[%emt 0:00:01]} 17. axb4 {[%emt 0:00:01]} Qb6 {[%emt 0:00:01]} 18. c5 {[%emt 0:00:04]} Qc7 {[%emt 0:00:02]} 19. b5 {[%emt 0:00:01]} Nf6 {[%emt 0:00:01]} 20. Nc4 {[%emt 0:00:01]} Nd5 {[%emt 0:00:01]} 21. bxc6 {[%emt 0:00:02]} bxc6 {[%emt 0:00:01]} 22. Nb6 {[%emt 0:00:01]} Rab8 {[%emt 0:00:01]} 23. Nxd5 {[%emt 0:00:01]} exd5 {[%emt 0:00:00]} 24. Qc3 {[%emt 0:00:01]} Ra8 {[%emt 0:00:02]} 25. Rxa8 {[%emt 0:00:04]} Rxa8 {[%emt 0:00:00]} 26. Ra1 {[%emt 0:00:01]} Rxa1+ {[%emt 0:00:02]} 27. Qxa1 {[%emt 0:00:00]} h6 {[%emt 0:00:02]} 28. g3 {[%emt 0:00:01]} Bg5 {[%emt 0:00:01]} 29. Qc1 {[%emt 0:00:02]} Qe7 {[%emt 0:00:01]} 30. Bf3 {[%emt 0:00:02]} Be4 {[%emt 0:00:02]} 31. Bxg5 {[%emt 0:00:02]} hxg5 {[%emt 0:00:00]} 32. Qe3 {[%emt 0:00:01]} Qe6 {[%emt 0:00:03]} 33. Bxe4 {[%emt 0:00:02]} dxe4 {[%emt 0:00:00]} 34. Qxg5 {[%emt 0:00:01]} f6 {[%emt 0:00:02]} 35. Qe3 {[%emt 0:00:00]} Kf7 {[%emt 0:00:01]} 36. Kg2 {[%emt 0:00:00]} Qd5 {[%emt 0:00:00]} 37. h4 {[%emt 0:00:01]} Ke6 {[%emt 0:00:01]} 38. Kg1 {[%emt 0:00:01]} Kf5 {[%emt 0:00:01]} 39. Qf4+ {[%emt 0:00:01]} Ke6 {[%emt 0:00:00]} 40. Qe3 {[%emt 0:00:01]} Kf5 {[%emt 0:00:01]} 41. Kg2 {[%emt 0:00:01]} g5 {[%emt 0:00:00]} 42. hxg5 {[%emt 0:00:01]} fxg5 {[%emt 0:00:00]} 43. Kh3 {[%emt 0:00:00]} Kg6 {[%emt 0:00:01]} 44. Kg2 {[%emt 0:00:02]} Kf5 {[%emt 0:00:01]} 45. Kg1 {[%emt 0:00:01]} Kg4 {[%emt 0:00:01]} 46. Kh2 {[%emt 0:00:01]} Qf5 {[%emt 0:00:02]} 47. Qe2+ {[%emt 0:00:02]} Qf3 {[%emt 0:00:03]} 48. Qxf3+ {[%emt 0:00:01]} Kxf3 {[%emt 0:00:00]} 49. d5 {[%emt 0:00:01]} cxd5 {[%emt 0:00:01]} 50. c6 {[%emt 0:00:01]} Kxf2 {[%emt 0:00:00]} 51. c7 {[%emt 0:00:00]} e3 {[%emt 0:00:00]} 52. c8=Q {[%emt 0:00:00]} e2 {[%emt 0:00:00]} 53. Qf5+ {[%emt 0:00:01]} Ke3 {[%emt 0:00:01]} 54. Qxd5 {[%emt 0:00:01]} Kf2 {[%emt 0:00:00]} 55. Qe6 {[%emt 0:00:00]} e1=Q {[%emt 0:00:00]} 56. Qxe1+ {[%emt 0:00:01]} Kxe1 {[%emt 0:00:00]} 57. Kh3 {[%emt 0:00:00]} Kf2 {[%emt 0:00:00]} 58. Kg4 {[%emt 0:00:00]} Kg2 {[%emt 0:00:00]} 59. Kxg5 {[%emt 0:00:00]} Kxg3 {[%emt 0:00:00] (Lag: Av=0.44s, max=1.0s)} 1/2-1/2

[Event "Stay Safe Play From Home 325"]
[Site "Mustafa Kemal Atatürk"]
[Date "2020.07.23"]
[Round "7"]
[White "SoulofWolf"]
[Black "Sfantul321"]
[Result "1-0"]
[WhiteElo "2080"]
[BlackElo "2053"]
[Annotator "NA"]
[PlyCount "73"]
[EventDate "2020.07.23"]
[EventType "swiss (blitz)"]

1. d4 {[%emt 0:00:01]} g6 {[%emt 0:00:00]} 2. Nf3 {[%emt 0:00:00]} Bg7 {[%emt 0:00:00]} 3. g3 {[%emt 0:00:00]} d6 {[%emt 0:00:00]} 4. Bg2 {[%emt 0:00:00]} Nf6 {[%emt 0:00:00]} 5. O-O {[%emt 0:00:00]} O-O {[%emt 0:00:00]} 6. b3 {[%emt 0:00:01]} Bg4 {[%emt 0:00:00]} 7. Bb2 {[%emt 0:00:00]} Bxf3 {[%emt 0:00:02]} 8. Bxf3 {[%emt 0:00:01]} Nbd7 {[%emt 0:00:00]} 9. e4 {[%emt 0:00:01]} Re8 {[%emt 0:00:00]} 10. d5 {[%emt 0:00:01]} e5 {[%emt 0:00:01]} 11. dxe6 {[%emt 0:00:00]} fxe6 {[%emt 0:00:01]} 12. Nc3 {[%emt 0:00:02]} e5 {[%emt 0:00:01]} 13. h3 {[%emt 0:00:01]} Qe7 {[%emt 0:00:01]} 14. Kg2 {[%emt 0:00:00]} Qe6 {[%emt 0:00:01]} 15. a4 {[%emt 0:00:00]} c6 {[%emt 0:00:01]} 16. Qd2 {[%emt 0:00:01]} Rad8 {[%emt 0:00:01]} 17. Rad1 {[%emt 0:00:00]} Nc5 {[%emt 0:00:01]} 18. Qe3 {[%emt 0:00:01]} b6 {[%emt 0:00:01]} 19. Ba3 {[%emt 0:00:00]} Nb7 {[%emt 0:00:01]} 20. Rd2 {[%emt 0:00:01]} Rd7 {[%emt 0:00:01]} 21. Rfd1 {[%emt 0:00:01]} Red8 {[%emt 0:00:00]} 22. b4 {[%emt 0:00:01]} d5 {[%emt 0:00:01]} 23. exd5 {[%emt 0:00:01]} cxd5 {[%emt 0:00:00]} 24. Nb1 {[%emt 0:00:04]} e4 {[%emt 0:00:01]} 25. Be2 {[%emt 0:00:01]} Nh5 {[%emt 0:00:03]} 26. Bg4 {[%emt 0:00:02]} Qe5 {[%emt 0:00:03]} 27. Bxd7 {[%emt 0:00:02]} Rxd7 {[%emt 0:00:00]} 28. Qb3 {[%emt 0:00:02]} Nf6 {[%emt 0:00:02]} 29. Bb2 {[%emt 0:00:01]} Qe6 {[%emt 0:00:02]} 30. Bxf6 {[%emt 0:00:01]} Bxf6 {[%emt 0:00:01]} 31. Rxd5 {[%emt 0:00:00]} Rxd5 {[%emt 0:00:01]} 32. Rxd5 {[%emt 0:00:01]} Qxd5 {[%emt 0:00:00]} 33. Qxd5+ {[%emt 0:00:01]} Kg7 {[%emt 0:00:03]} 34. Qxb7+ {[%emt 0:00:01]} Kh6 {[%emt 0:00:01]} 35. Qxa7 {[%emt 0:00:01]} e3 {[%emt 0:00:01]} 36. fxe3 {[%emt 0:00:01]} b5 {[%emt 0:00:02]} 37. axb5 {[%emt 0:00:01] Sfantul321 resigns (Lag: Av=0.34s, max=0.8s)} 1-0

[Event "Stay Safe Play From Home 325"]
[Site "Mustafa Kemal Atatürk"]
[Date "2020.07.23"]
[Round "7"]
[White "Stefanone"]
[Black "Mepe_Nika"]
[Result "0-1"]
[WhiteElo "2049"]
[BlackElo "2365"]
[PlyCount "104"]
[EventDate "2020.07.23"]
[EventType "swiss (blitz)"]

1. e4 {[%emt 0:00:01]} c6 {[%emt 0:00:01]} 2. d3 {[%emt 0:00:00]} d5 {[%emt 0:00:00]} 3. Nd2 {[%emt 0:00:00]} e5 {[%emt 0:00:01]} 4. Ngf3 {[%emt 0:00:01]} Bd6 {[%emt 0:00:00]} 5. Be2 {[%emt 0:00:01]} Nf6 {[%emt 0:00:00]} 6. c3 {[%emt 0:00:01]} O-O {[%emt 0:00:01]} 7. O-O {[%emt 0:00:00]} Bg4 {[%emt 0:00:01]} 8. Qc2 {[%emt 0:00:01]} Nbd7 {[%emt 0:00:01]} 9. h3 {[%emt 0:00:00]} Bh5 {[%emt 0:00:01]} 10. b4 {[%emt 0:00:01]} Re8 {[%emt 0:00:01]} 11. g3 {[%emt 0:00:05]} a5 {[%emt 0:00:01]} 12. bxa5 {[%emt 0:00:02]} Qxa5 {[%emt 0:00:01]} 13. Re1 {[%emt 0:00:02]} Rad8 {[%emt 0:00:02]} 14. Nh4 {[%emt 0:00:01]} Bb8 {[%emt 0:00:01]} 15. Bxh5 {[%emt 0:00:01]} Nxh5 {[%emt 0:00:02]} 16. Nf5 {[%emt 0:00:01]} g6 {[%emt 0:00:01]} 17. Ne3 {[%emt 0:00:02]} Ba7 {[%emt 0:00:01]} 18. c4 {[%emt 0:00:02]} dxe4 {[%emt 0:00:05]} 19. dxe4 {[%emt 0:00:03]} Qc7 {[%emt 0:00:01]} 20. Bb2 {[%emt 0:00:02]} Nc5 {[%emt 0:00:01]} 21. Ng4 {[%emt 0:00:02]} Nd3 {[%emt 0:00:03]} 22. Re2 {[%emt 0:00:01]} Nxb2 {[%emt 0:00:02]} 23. Qxb2 {[%emt 0:00:00]} Nxg3 {[%emt 0:00:01]} 24. Ree1 {[%emt 0:00:06]} Nh5 {[%emt 0:00:01]} 25. Nf3 {[%emt 0:00:01]} Rd3 {[%emt 0:00:03]} 26. Qe2 {[%emt 0:00:02]} Red8 {[%emt 0:00:02]} 27. Rad1 {[%emt 0:00:01]} Rxd1 {[%emt 0:00:01]} 28. Rxd1 {[%emt 0:00:00]} f6 {[%emt 0:00:02]} 29. Nh6+ {[%emt 0:00:02]} Kg7 {[%emt 0:00:01]} 30. Ng4 {[%emt 0:00:00]} Bd4 {[%emt 0:00:02]} 31. Nxd4 {[%emt 0:00:02]} exd4 {[%emt 0:00:00]} 32. f3 {[%emt 0:00:01]} Nf4 {[%emt 0:00:01]} 33. Qh2 {[%emt 0:00:02]} h5 {[%emt 0:00:02]} 34. Nf2 {[%emt 0:00:02]} Qe5 {[%emt 0:00:02]} 35. Nd3 {[%emt 0:00:01]} Nxd3 {[%emt 0:00:01]} 36. Rxd3 {[%emt 0:00:02]} Qxh2+ {[%emt 0:00:00]} 37. Kxh2 {[%emt 0:00:00]} c5 {[%emt 0:00:00]} 38. Kg3 {[%emt 0:00:00]} Ra8 {[%emt 0:00:00]} 39. Rb3 {[%emt 0:00:01]} Rxa2 {[%emt 0:00:01]} 40. Rxb7+ {[%emt 0:00:00]} Kh6 {[%emt 0:00:02]} 41. Kf4 {[%emt 0:00:00]} Rc2 {[%emt 0:00:01]} 42. e5 {[%emt 0:00:01]} fxe5+ {[%emt 0:00:01]} 43. Kxe5 {[%emt 0:00:00]} Rxc4 {[%emt 0:00:01]} 44. Ke4 {[%emt 0:00:01]} Rc3 {[%emt 0:00:01]} 45. Rd7 {[%emt 0:00:00]} Re3+ {[%emt 0:00:00]} 46. Kf4 {[%emt 0:00:01]} Re6 {[%emt 0:00:01]} 47. Rd5 {[%emt 0:00:01]} Rf6+ {[%emt 0:00:01]} 48. Kg3 {[%emt 0:00:01]} Rf5 {[%emt 0:00:00]} 49. Kf2 {[%emt 0:00:00]} Rxd5 {[%emt 0:00:01]} 50. Kg3 {[%emt 0:00:00]} Rf5 {[%emt 0:00:00]} 51. h4 {[%emt 0:00:01]} c4 {[%emt 0:00:00]} 52. f4 {[%emt 0:00:00]} c3 {[%emt 0:00:00] Tempo (Lag: Av=0.38s, max=0.7s)} 0-1

[Event "Stay Safe Play From Home 325"]
[Site "Mustafa Kemal Atatürk"]
[Date "2020.07.23"]
[Round "7"]
[White "Edmatuag"]
[Black "Mamba2001de"]
[Result "1-0"]
[WhiteElo "1677"]
[BlackElo "1454"]
[Annotator "NA"]
[PlyCount "87"]
[EventDate "2020.07.23"]
[EventType "swiss (blitz)"]

1. d4 {[%emt 0:00:02]} e6 {[%emt 0:00:01]} 2. Nf3 {[%emt 0:00:00]} d5 {[%emt 0:00:01]} 3. c3 {[%emt 0:00:00]} Nf6 {[%emt 0:00:01]} 4. Bf4 {[%emt 0:00:00]} Bd6 {[%emt 0:00:01]} 5. Bg3 {[%emt 0:00:00]} Bxg3 {[%emt 0:00:01]} 6. hxg3 {[%emt 0:00:02]} h6 {[%emt 0:00:00]} 7. Nbd2 {[%emt 0:00:01]} O-O {[%emt 0:00:01]} 8. e3 {[%emt 0:00:00]} Re8 {[%emt 0:00:01]} 9. Bd3 {[%emt 0:00:00]} Nbd7 {[%emt 0:00:02]} 10. Nf1 {[%emt 0:00:00]} e5 {[%emt 0:00:01]} 11. g4 {[%emt 0:00:00]} e4 {[%emt 0:00:01]} 12. Ne5 {[%emt 0:00:01]} exd3 {[%emt 0:00:02]} 13. Nxd3 {[%emt 0:00:00]} Ne4 {[%emt 0:00:02]} 14. Ng3 {[%emt 0:00:00]} Ndf6 {[%emt 0:00:01]} 15. Nf5 {[%emt 0:00:02]} Bxf5 {[%emt 0:00:06]} 16. gxf5 {[%emt 0:00:00]} c5 {[%emt 0:00:02]} 17. Qf3 {[%emt 0:00:00]} cxd4 {[%emt 0:00:03]} 18. cxd4 {[%emt 0:00:02]} Qa5+ {[%emt 0:00:01]} 19. Kf1 {[%emt 0:00:00]} Nd2+ {[%emt 0:00:02]} 20. Kg1 {[%emt 0:00:01]} Nxf3+ {[%emt 0:00:01]} 21. gxf3 {[%emt 0:00:00]} Qd2 {[%emt 0:00:01]} 22. Kg2 {[%emt 0:00:00]} Ne4 {[%emt 0:00:02]} 23. fxe4 {[%emt 0:00:02]} dxe4 {[%emt 0:00:01]} 24. Nf4 {[%emt 0:00:01]} Qxb2 {[%emt 0:00:03]} 25. Rag1 {[%emt 0:00:02]} Rac8 {[%emt 0:00:02]} 26. Rh3 {[%emt 0:00:02]} Rc2 {[%emt 0:00:01]} 27. Rf1 {[%emt 0:00:03]} Rec8 {[%emt 0:00:01]} 28. Nd5 {[%emt 0:00:01]} Rc1 {[%emt 0:00:03]} 29. Ne7+ {[%emt 0:00:01]} Kf8 {[%emt 0:00:02]} 30. Nxc8 {[%emt 0:00:00]} Rxf1 {[%emt 0:00:01]} 31. Kxf1 {[%emt 0:00:02]} Qc1+ {[%emt 0:00:01]} 32. Kg2 {[%emt 0:00:00]} Qxc8 {[%emt 0:00:01]} 33. Rg3 {[%emt 0:00:02]} Qc2 {[%emt 0:00:01]} 34. Kh2 {[%emt 0:00:00]} Ke7 {[%emt 0:00:02]} 35. Rg2 {[%emt 0:00:00]} Kf6 {[%emt 0:00:01]} 36. Kg3 {[%emt 0:00:01]} Kxf5 {[%emt 0:00:01]} 37. Rg1 {[%emt 0:00:01]} g5 {[%emt 0:00:01]} 38. a4 {[%emt 0:00:01]} h5 {[%emt 0:00:01]} 39. Rg2 {[%emt 0:00:01]} h4+ {[%emt 0:00:01]} 40. Kh2 {[%emt 0:00:00]} Qe2 {[%emt 0:00:01]} 41. Kh3 {[%emt 0:00:01]} Qf3+ {[%emt 0:00:01]} 42. Kh2 {[%emt 0:00:00]} Qd1 {[%emt 0:00:02]} 43. Rg1 {[%emt 0:00:00]} Qxa4 {[%emt 0:00:01]} 44. Rg2 {[%emt 0:00:00] Zeit (Lag: Av=0.48s, max=1.0s)} 1-0

[Event "Stay Safe Play From Home 325"]
[Site "Mustafa Kemal Atatürk"]
[Date "2020.07.23"]
[Round "7"]
[White "Trotsky"]
[Black "Haris kollari 13"]
[Result "1-0"]
[WhiteElo "1591"]
[BlackElo "1619"]
[Annotator "NA"]
[PlyCount "61"]
[EventDate "2020.07.23"]
[EventType "swiss (blitz)"]

1. d4 {[%emt 0:00:01]} e6 {[%emt 0:00:01]} 2. e3 {[%emt 0:00:00]} d5 {[%emt 0:00:01]} 3. c4 {[%emt 0:00:01]} c6 {[%emt 0:00:01]} 4. Nc3 {[%emt 0:00:01]} f5 {[%emt 0:00:01]} 5. Nf3 {[%emt 0:00:01]} Nf6 {[%emt 0:00:01]} 6. Bd3 {[%emt 0:00:01]} h6 {[%emt 0:00:01]} 7. Qc2 {[%emt 0:00:01]} Bd7 {[%emt 0:00:02]} 8. c5 {[%emt 0:00:00]} Be7 {[%emt 0:00:02]} 9. Bd2 {[%emt 0:00:00]} b6 {[%emt 0:00:01]} 10. h4 {[%emt 0:00:01]} bxc5 {[%emt 0:00:01]} 11. O-O-O {[%emt 0:00:01]} cxd4 {[%emt 0:00:03]} 12. exd4 {[%emt 0:00:01]} a5 {[%emt 0:00:02]} 13. Kb1 {[%emt 0:00:02]} c5 {[%emt 0:00:01]} 14. Ka1 {[%emt 0:00:01]} Nc6 {[%emt 0:00:03]} 15. Be3 {[%emt 0:00:04]} c4 {[%emt 0:00:03]} 16. Be2 {[%emt 0:00:03]} Nb4 {[%emt 0:00:01]} 17. Qb1 {[%emt 0:00:01]} a4 {[%emt 0:00:01]} 18. a3 {[%emt 0:00:02]} Nc6 {[%emt 0:00:05]} 19. Nb5 {[%emt 0:00:02]} O-O {[%emt 0:00:02]} 20. g4 {[%emt 0:00:03]} Nxg4 {[%emt 0:00:02]} 21. Rdg1 {[%emt 0:00:03]} h5 {[%emt 0:00:03]} 22. Ng5 {[%emt 0:00:02]} Bxg5 {[%emt 0:00:05]} 23. hxg5 {[%emt 0:00:01]} g6 {[%emt 0:00:04]} 24. Nd6 {[%emt 0:00:02]} Nxe3 {[%emt 0:00:05]} 25. fxe3 {[%emt 0:00:01]} Kg7 {[%emt 0:00:00]} 26. Rxh5 {[%emt 0:00:04]} gxh5 {[%emt 0:00:02]} 27. g6 {[%emt 0:00:01]} Be8 {[%emt 0:00:01]} 28. Bxh5 {[%emt 0:00:04]} Qxd6 {[%emt 0:00:01]} 29. Qf1 {[%emt 0:00:02]} Rh8 {[%emt 0:00:02]} 30. Qh3 {[%emt 0:00:03]} Ra7 {[%emt 0:00:03]} 31. Rg5 {[%emt 0:00:01] Time (Lag: Av=0.33s, max=0.5s) '} 1-0

[Event "Stay Safe Play From Home 325"]
[Site "Mustafa Kemal Atatürk"]
[Date "2020.07.23"]
[Round "7"]
[White "Meini"]
[Black "Lazieri3"]
[Result "0-1"]
[WhiteElo "1560"]
[BlackElo "2033"]
[Annotator "NA"]
[PlyCount "102"]
[EventDate "2020.07.23"]
[EventType "swiss (blitz)"]

1. d4 {[%emt 0:00:02]} c6 {[%emt 0:00:00]} 2. Bf4 {[%emt 0:00:02]} d5 {[%emt 0:00:00]} 3. e3 {[%emt 0:00:00]} Bf5 {[%emt 0:00:01]} 4. Nf3 {[%emt 0:00:01]} e6 {[%emt 0:00:01]} 5. Bd3 {[%emt 0:00:00]} Bxd3 {[%emt 0:00:01]} 6. Qxd3 {[%emt 0:00:00]} h6 {[%emt 0:00:00]} 7. h3 {[%emt 0:00:01]} Bd6 {[%emt 0:00:01]} 8. Nbd2 {[%emt 0:00:00]} Bxf4 {[%emt 0:00:01]} 9. exf4 {[%emt 0:00:01]} Nf6 {[%emt 0:00:01]} 10. c3 {[%emt 0:00:00]} Qc7 {[%emt 0:00:01]} 11. g3 {[%emt 0:00:02]} Nbd7 {[%emt 0:00:01]} 12. Ne5 {[%emt 0:00:01]} O-O {[%emt 0:00:02]} 13. O-O {[%emt 0:00:01]} c5 {[%emt 0:00:00]} 14. Ndf3 {[%emt 0:00:01]} cxd4 {[%emt 0:00:01]} 15. Qxd4 {[%emt 0:00:01]} Nxe5 {[%emt 0:00:01]} 16. fxe5 {[%emt 0:00:03]} Ne4 {[%emt 0:00:01]} 17. Nd2 {[%emt 0:00:02]} Nxd2 {[%emt 0:00:03]} 18. Qxd2 {[%emt 0:00:02]} Qxe5 {[%emt 0:00:00]} 19. Rae1 {[%emt 0:00:03]} Qf5 {[%emt 0:00:01]} 20. Kh2 {[%emt 0:00:02]} Rac8 {[%emt 0:00:00]} 21. Re3 {[%emt 0:00:02]} Rc4 {[%emt 0:00:01]} 22. Rf3 {[%emt 0:00:01]} Qg6 {[%emt 0:00:01]} 23. Re1 {[%emt 0:00:01]} Rd8 {[%emt 0:00:01]} 24. Rf4 {[%emt 0:00:02]} Rxf4 {[%emt 0:00:01]} 25. Qxf4 {[%emt 0:00:01]} Qf6 {[%emt 0:00:02]} 26. Qc7 {[%emt 0:00:02]} b5 {[%emt 0:00:03]} 27. Kg2 {[%emt 0:00:03]} d4 {[%emt 0:00:02]} 28. cxd4 {[%emt 0:00:02]} Qxd4 {[%emt 0:00:00]} 29. Re3 {[%emt 0:00:02]} Qd5+ {[%emt 0:00:04]} 30. Rf3 {[%emt 0:00:01]} a6 {[%emt 0:00:01]} 31. Qxf7+ {[%emt 0:00:02]} Kh8 {[%emt 0:00:01]} 32. Qg6 {[%emt 0:00:05]} Rf8 {[%emt 0:00:04]} 33. Qg4 {[%emt 0:00:01]} Kg8 {[%emt 0:00:04]} 34. b3 {[%emt 0:00:01]} a5 {[%emt 0:00:01]} 35. h4 {[%emt 0:00:01]} a4 {[%emt 0:00:02]} 36. h5 {[%emt 0:00:01]} axb3 {[%emt 0:00:01]} 37. axb3 {[%emt 0:00:00]} Rxf3 {[%emt 0:00:02]} 38. Qxf3 {[%emt 0:00:01]} Qxf3+ {[%emt 0:00:01]} 39. Kxf3 {[%emt 0:00:00]} Kf7 {[%emt 0:00:01]} 40. Ke4 {[%emt 0:00:00]} Kf6 {[%emt 0:00:00]} 41. f4 {[%emt 0:00:01]} g6 {[%emt 0:00:01]} 42. hxg6 {[%emt 0:00:02]} Kxg6 {[%emt 0:00:00]} 43. Ke5 {[%emt 0:00:00]} Kf7 {[%emt 0:00:00]} 44. f5 {[%emt 0:00:01]} exf5 {[%emt 0:00:00]} 45. Kxf5 {[%emt 0:00:00]} Kg7 {[%emt 0:00:00]} 46. g4 {[%emt 0:00:00]} b4 {[%emt 0:00:00]} 47. g5 {[%emt 0:00:00]} h5 {[%emt 0:00:01]} 48. g6 {[%emt 0:00:01]} h4 {[%emt 0:00:01]} 49. Kg4 {[%emt 0:00:00]} Kxg6 {[%emt 0:00:00]} 50. Kxh4 {[%emt 0:00:00]} Kf5 {[%emt 0:00:00]} 51. Kg3 {[%emt 0:00:01]} Ke4 {[%emt 0:00:00] Zeit (Lag: Av=0.72s, max=1.4s) .} 0-1

[Event "Stay Safe Play From Home 325"]
[Site "Mustafa Kemal Atatürk"]
[Date "2020.07.23"]
[Round "7"]
[White "Klasman"]
[Black "Klausen"]
[Result "0-1"]
[WhiteElo "1389"]
[BlackElo "1772"]
[Annotator "NA"]
[PlyCount "42"]
[EventDate "2020.07.23"]
[EventType "swiss (blitz)"]

1. f4 {[%emt 0:00:01]} e5 {[%emt 0:00:01]} 2. fxe5 {[%emt 0:00:01]} d6 {[%emt 0:00:01]} 3. Nf3 {[%emt 0:00:01]} dxe5 {[%emt 0:00:01]} 4. e4 {[%emt 0:00:01]} Bc5 {[%emt 0:00:02]} 5. Bc4 {[%emt 0:00:02]} Nc6 {[%emt 0:00:02]} 6. d3 {[%emt 0:00:06]} Nf6 {[%emt 0:00:02]} 7. Bg5 {[%emt 0:00:01]} h6 {[%emt 0:00:01]} 8. Bh4 {[%emt 0:00:02]} g5 {[%emt 0:00:01]} 9. Nxg5 {[%emt 0:00:01]} hxg5 {[%emt 0:00:02]} 10. Bxg5 {[%emt 0:00:01]} Be6 {[%emt 0:00:07]} 11. Bxe6 {[%emt 0:00:04]} fxe6 {[%emt 0:00:01]} 12. Rf1 {[%emt 0:00:03]} Be7 {[%emt 0:00:02]} 13. Qf3 {[%emt 0:00:07]} Kd7 {[%emt 0:00:04]} 14. Bxf6 {[%emt 0:00:01]} Rf8 {[%emt 0:00:01]} 15. Bxe7 {[%emt 0:00:02]} Qxe7 {[%emt 0:00:01]} 16. Qe2 {[%emt 0:00:05]} Nd4 {[%emt 0:00:01]} 17. Rxf8 {[%emt 0:00:04]} Nxe2 {[%emt 0:00:02]} 18. Rxa8 {[%emt 0:00:02]} Nd4 {[%emt 0:00:02]} 19. Kd1 {[%emt 0:00:03]} Qg5 {[%emt 0:00:03]} 20. Nd2 {[%emt 0:00:03]} Qg4+ {[%emt 0:00:01]} 21. Kc1 {[%emt 0:00:03]} Qxg2 {[%emt 0:00:01] Time (Lag: Av=0.46s, max=0.6s)} 0-1